| 000 | 01549nab a22002777a 4500 | ||
|---|---|---|---|
| 999 |
_c6039 _d6039 |
||
| 003 | OSt | ||
| 005 | 20260118202836.0 | ||
| 008 | 190605e xxu||||| |||| 00| 0 spa d | ||
| 040 | _cPJ | ||
| 100 |
_96164 _aMoscuzza, Stella Maris |
||
| 245 | 1 | 3 |
_aEl derecho a la desconexión digital y la salud del trabajador / _cStella Maris Moscuzza. |
| 260 |
_aCiudad Autónoma de Buenos Aires : _bThomson Reuters La Ley, _c2025. |
||
| 300 | _ap. 56-72 | ||
| 500 | _aCita: TR LALEY AR/DOC/1471/2025. | ||
| 505 | _aSumario: I. Introducción.— II. El tiempo de trabajo y los descansos. Antecedentes normativos.— III. El derecho al descanso laboral y la desconexión digital.— IV. Hiperconectividad y salud del trabajador.— V. Hiperconectividad, violencia del poder empresarial y buenas prácticas empresariales.— VI. El derecho a la desconexión digital como garante del bienestar laboral.— VII. El derecho a la desconexión y la negociación colectiva.— VIII. Conclusiones.— IX. Bibliografía. | ||
| 505 | _t¿Te interesa el texto completo? Solicitalo al correo: koha@justierradelfuego.gov.ar | ||
| 650 | 0 |
_91316 _aDERECHO LABORAL |
|
| 650 | 0 |
_9273 _aDERECHO INFORMATICO |
|
| 650 | 0 |
_94439 _aTELETRABAJO |
|
| 650 | 0 |
_91402 _aJORNADA DE TRABAJO |
|
| 650 | 0 |
_91570 _aDERECHOS DEL TRABAJADOR |
|
| 650 | 0 |
_91361 _aSALUD DEL TRABAJADOR |
|
| 653 | _aDESCANSO DIARIO | ||
| 773 | 0 |
_02711 _93168 _dCiudad Autónoma de Buenos Aires : Thomson Reuters La Ley, 1999-2002. _tRevista de derecho del trabajo. Nº 6 - Noviembre 2025 |
|
| 942 |
_2udc _cANA |
||